Wind assist irrigation and off-season power generation : final report /

Bibliographic Details
Main Author: Gilmore, Earl
Format: Book
Language:English
Published: [Austin] : Texas Energy and Natural Resources Advisory Council, 1979.
Series:Report (Texas Energy and Natural Resources Advisory Council) ; EDF-022.
Subjects:

MARC

Tag First Indicator Second Indicator Subfields
LEADER 00000cam a2200000 i 4500
001 in00001045430
005 20150929091709.0
008 800319s1979 txua b s00010 eng d
035 |a (OCoLC)06105274 
035 |9 AFL7880AM 
040 |a IKM  |c IKM  |d UtOrBLW 
049 |a IKMd 
099 |a E2175.7  |a En27de  |a no.22 
100 1 |a Gilmore, Earl. 
245 1 0 |a Wind assist irrigation and off-season power generation :  |b final report /  |c by Earl Gilmore [and others]. 
264 1 |a [Austin] :  |b Texas Energy and Natural Resources Advisory Council,  |c 1979. 
300 |a vii, 39 pages :  |b illustrations, graphs ;  |c 28 cm. 
336 |a text  |b txt  |2 rdacontent 
337 |a unmediated  |b n  |2 rdamedia 
338 |a volume  |b nc  |2 rdacarrier 
490 1 |a Report - Texas Energy and Natural Resources Advisory Council ; EDF-022 
500 |a "Prepared for Texas Energy and Natural Resources Advisory Council energy development fund, project #W-4-1". 
500 |a Texas energy development fund 
504 |a Bibliography: page 37. 
650 0 |a Wind turbines. 
650 0 |a Irrigation. 
650 0 |a Wind power. 
830 0 |a Report (Texas Energy and Natural Resources Advisory Council) ;  |v EDF-022. 
999 |a MARS 
999 f f |s a0783487-2e6d-3982-80e8-8ff713d4e8d2  |i 9622f8c1-6d90-31e1-98c4-0492e796f753  |t 0 
952 f f |p normal  |a Texas A&M University  |b College Station  |c Sterling C. Evans Library  |d Evans: Texas Documents (Annex 5th floor)  |t 0  |e E2175.7 En27de no.22  |h Superintendent of Documents classification  |i unmediated -- volume  |m A14815770772 
998 f f |a E2175.7 En27de no.22  |t 0  |l Evans: Texas Documents (Annex 5th floor)